Places Mentioned in "Panic" by The Smiths - Statistics

General Stats
  • This quiz has been taken 81 times
  • The average score is 6 of 8
Answer Stats
Clue Places % Correct
Southeast city London
97%
Midlands city Birmingham
93%
Irish city Dublin
88%
Scottish city Dundee
75%
Cumbria city Carlisle
74%
Yorkshire city Leeds
71%
Former county between Yorkshire and Lincolnshire Humberside
65%
Lake District lake and village Grasmere
32%
No matching quizzes found
Score Distribution
Percent of People with Each Score
Percentile by Number Answered
Your Score History
You have not taken this quiz